000 00592cam a2200205 4500500
005 20260329005352.0
041 _afre
042 _adc
100 1 0 _aDurand, Jean-Marie
_eauthor
245 0 0 _aUn vrai dépaysement
260 _c2023.
500 _a32
690 _aArthur Dreyfus
690 _aÉducation nationale
690 _aHumour
690 _aProfesseur
690 _aroman
786 0 _nPhilosophie magazine | 169 | 5 | 2023-05-01 | p. 62-62 | 1951-1787
856 4 1 _uhttps://shs.cairn.info/magazine-philosophie-magazine-2023-5-page-62?lang=fr&redirect-ssocas=7080
999 _c1842738
_d1842738